| 000 | 00568nam a2200181Ia 4500 | ||
|---|---|---|---|
| 008 | 220216s9999 xx 000 0 und d | ||
| 100 | _aGeorge P.J. | ||
| 245 | 0 | _aYield and secondary characters of the clone RRII 105 in trial plantings | |
| 260 |
_bInternational Rubber Conference, 23-28 November 1980, Rubber Research Institute of India, Kottayam, India. _c1980 |
||
| 650 | _aBark thickness | ||
| 650 | _aGirth | ||
| 650 | _aRRII 105 | ||
| 650 | _aSecondary character | ||
| 650 | _aYield | ||
| 700 | _aNair V.K.B. | ||
| 700 | _aPanikkar A.O.N. | ||
| 942 | _cBS | ||
| 999 |
_c49341 _d49341 |
||